Grey's Anatomy Season 7-9 Episodes Quiz Stats

 Plays Quiz not verified by Sporcle

Challenge
Share
Tweet
Embed
Score 0/70 Timer 10:00
0 Plays Today
% Correct
Flight
78.1%
With You I'm Born Again
68.8%
Superfreak
65.6%
Perfect Storm
65.3%
Song Beneath The Song
64.1%
White Wedding
64.1%
Migration
64.1%
Can't Fight Biology
62.5%
Free Falling
62.5%
She's Gone
62.5%
Shock To The System
60.9%
Almost Grown
60.9%
Going, Going, Gone
59.7%
Unaccompanied Minor
59.4%
What Is It About Men
59.4%
Poker Face
59.4%
Put Me In, Coach
59.4%
Heart-Shaped Box
59.4%
If/Then
59.4%
All You Need Is Love
59.4%
The Lion Sleeps Tonight
59.4%
The Girl With No Name
59.4%
Moment of Truth
59.4%
These Arms of Mine
57.8%
P.Y.T. (Pretty Young Thing)
57.8%
Take The Lead
57.8%
Suddenly
57.8%
Hope for The Hopeless
57.8%
Support System
57.8%
Something's Gotta Give
56.3%
Disarm
56.3%
Golden Hour
56.3%
This Is How We Do It
56.3%
Love, Loss and Legacy
56.3%
Dark Was the Night
56.3%
% Correct
This Magic Moment
56.3%
Have You Seen Me Lately?
56.3%
Remember The Time
54.8%
That's Me Trying
54.7%
Slow Night, So Long
54.7%
Don't Deceive Me (Please Don't Go)
54.7%
If Only You Were Lonely'
54.7%
Let The Bad Times Roll
54.7%
Run, Baby, Run
53.2%
It's a Long Way Back
53.1%
I Will Survive
53.1%
One Step Too Far
53.1%
Beautiful Doom
51.6%
Start Me Up
51.6%
Not Responsible
51.6%
Adrift and at Peace
50%
Love The One You're With
50%
Second Opinion
50%
I Was Made For Lovin' You
50%
I Saw Her Standing There
48.4%
Love Turns You Upside Down
48.4%
Bad Blood
48.1%
The End is the Beginning is the End
46.3%
Things We Said Today
44.6%
Walking On a Dream
44.4%
The Face of Change
44.4%
Idle Hands
42.9%
Readiness is All
42.9%
This is Why We Fight
42.6%
Hard Bargain
42.6%
Transplant Wasteland
40.8%
Can't Fight This Feeling
34.7%
She's Killing Me
34.7%
Sleeping Monster
34.7%
Do You Believe in Magic?
32.7%

You're not logged in!

Compare scores with friends on all Sporcle quizzes.
Join for Free
OR
Log In

You Might Also Like...

Show Comments

Extras

Top Quizzes Today


Score Distribution

Your Account Isn't Verified!

In order to create a playlist on Sporcle, you need to verify the email address you used during registration. Go to your Sporcle Settings to finish the process.

Report this User

Report this user for behavior that violates our Community Guidelines.

Details: